000 00948nam a22002897a 4500
001 000728
003 DO-SdBPM
005 20260528125201.0
007 ta
008 161122b1996 sp a ||||| |||| 00| 0 spa d
020 _a8422659123
040 _aDO-SdBPM
_bspa
_cBPMSU
_erda
082 4 _a863.6
_bC223c 1996
_222
100 1 _aCañizo, Jose Antonio del
245 1 0 _aCon la cabeza a pájaros /
_cJose Antonio del Cañizo ; ilustraciones de Federico Delicado.
260 _aMadrid :
_bSM,
_c1996.
300 _a94 p. :
_bil. ;
_c21 cm.
490 0 _aEl barco de vapor;
_aNaranja,
_v49
500 _a"A partir de 9 años"
590 _aInventariado, 2026/VM
650 7 _aCuentos infantiles españoles.
650 7 _aFantasía
_vCuentos infantiles.
700 1 _aDelicado, Federico
_d1956-
_eilustración
_4
700 1 _aTerzi, Marinella,
_d1958-
_etraductor
910 _aVMateo V. Control de calidad. BPMSU
942 _2ddc
_cBK
999 _c12035
_d12035